2024 PDC World Darts Championship - Seeded Players - Statistics

General Stats
  • This quiz has been taken 45 times
  • The average score is 26 of 32
Answer Stats
Seed Nation Player % Correct
5 Wales Gerwyn Price
100%
1 England Michael Smith
100%
2 Netherlands Michael van Gerwen
100%
16 England Ross Smith
100%
21 Scotland Gary Anderson
95%
3 England Luke Humphries
95%
4 Scotland Peter Wright
95%
9 Wales Jonny Clayton
92%
10 Australia Damon Heta
89%
6 England Nathan Aspinall
89%
26 Germany Martin Schindler
87%
8 England Rob Cross
87%
15 Belgium Dimitri van den Bergh
84%
27 Northern Ireland Daryl Gurney
82%
23 Northern Ireland Josh Rock
82%
31 Belgium Kim Huybrechts
82%
24 Poland Krzysztof Ratajski
82%
29 Netherlands Raymond van Barneveld
82%
18 England Stephen Bunting
82%
28 Northern Ireland Brendan Dolan
79%
22 Germany Gabriel Clemens
79%
25 Portugal Jose de Sousa
79%
7 Netherlands Danny Noppert
76%
17 England Chris Dobey
74%
11 England Dave Chisnall
74%
13 England James Wade
74%
32 Latvia Madars Razma
71%
12 Netherlands Dirk van Duijvenbode
68%
14 England Joe Cullen
63%
20 England Andrew Gilding
58%
19 England Ryan Searle
55%
30 England Callan Rydz
37%
No matching quizzes found
Score Distribution
Percent of People with Each Score
Percentile by Number Answered
Your Score History
You have not taken this quiz